000 00286nam a22001217a 4500
020 _a0070528993
082 _a621.395
100 _aBrown, STEPHEN
245 _aFundamentals of Digital Logic with Verilog Design
260 _aIndia
_bTata McGraw-Hill
_c2002
300 _a844
_bPB
942 _cBK
999 _c23121
_d23121